How U.S. foreign policy is made. (Record no. 89995)

MARC details
000 -LEADER
fixed length control field 00806cam a22002411 4500
001 - CONTROL NUMBER
control field sd 49000058
003 - CONTROL NUMBER IDENTIFIER
control field DLC
005 - DATE AND TIME OF LATEST TRANSACTION
control field 20260227112735.0
008 - FIXED-LENGTH DATA ELEMENTS--GENERAL INFORMATION
fixed length control field 940720s1949 nyua b 000 0 eng c
010 ## - LIBRARY OF CONGRESS CONTROL NUMBER
LC control number sd 49000058
035 ## - SYSTEM CONTROL NUMBER
System control number (OCoLC)30796465
040 ## - CATALOGING SOURCE
Original cataloging agency U.S. Dept. of State. Library
Transcribing agency IEN
Modifying agency IEN
-- DLC
042 ## - AUTHENTICATION CODE
Authentication code premarc
050 00 - LIBRARY OF CONGRESS CALL NUMBER
Classification number D410
Item number .F65 vol. 25, no. 10
100 1# - MAIN ENTRY--PERSONAL NAME
Personal name Dean, Vera Micheles,
Dates associated with a name 1903-1972.
245 10 - TITLE STATEMENT
Title How U.S. foreign policy is made.
260 ## - PUBLICATION, DISTRIBUTION, ETC.
Place of publication, distribution, etc. New York,
Name of publisher, distributor, etc. Foreign Policy Association,
Date of publication, distribution, etc. 1949.
300 ## - PHYSICAL DESCRIPTION
Extent [114]-123, [1] p.
Other physical details diagr.
Dimensions 27 cm.
440 #0 - SERIES STATEMENT/ADDED ENTRY--TITLE
Title Foreign policy reports,
Volume/sequential designation v. 25, no. 10
500 ## - GENERAL NOTE
General note "Organization of the Department of State": p. [124]
504 ## - BIBLIOGRAPHY, ETC. NOTE
Bibliography, etc. note Bibliographical footnotes.
651 #0 - SUBJECT ADDED ENTRY--GEOGRAPHIC NAME
Geographic name United States
General subdivision Foreign relations
Chronological subdivision 20th century.

No items available.

Powered by Koha